The international political economy of monetary relations (Record no. 54328)

MARC details
000 -LEADER
fixed length control field 00662nam a2200205Ia 4500
008 - FIXED-LENGTH DATA ELEMENTS--GENERAL INFORMATION
fixed length control field 191130s1993##################000#0#eng##
020 ## - INTERNATIONAL STANDARD BOOK NUMBER
ISBN 9781852785758
082 ## - DEWEY DECIMAL CLASSIFICATION NUMBER
Classification number 332.042 COH
245 ## - TITLE STATEMENT
Title The international political economy of monetary relations
Statement of responsibility, etc edited by Benjamin J. Cohen
260 ## - PUBLICATION, DISTRIBUTION, ETC. (IMPRINT)
Place of publication Cheltenham, UK ; Northampton, MA
Name of publisher Edward Elgar
Year of publication c1993
300 ## - PHYSICAL DESCRIPTION
Number of Pages xix, 657 p. : ill. ; 26 cm.
500 ## - GENERAL NOTE
General note Includes bibliographical references and index
650 ## - SUBJECT ADDED ENTRY--TOPICAL TERM
Topical Term International finance
700 ## - ADDED ENTRY--PERSONAL NAME
Personal name Cohen, Benjamin J
991 ## -
-- 427173
Holdings
Withdrawn status Lost status Damaged status Not for loan Home library Current library Shelving location Date acquired Full call number Accession Number Price effective from Koha item type
        Anna Centenary Library Anna Centenary Library 4TH FLOOR, A WING 09.10.2020 332.042 COH 358922 09.10.2020 English Books

Find us on the map